El viento es un pais que se fue /
Saved in:
| Main Author: | |
|---|---|
| Format: | Book |
| Language: | Spanish |
| Published: |
Santiago :
Das Kapital Ediciones,
2009.
|
| Series: | Colección de narrativas contemporáneas.
|
| Tags: |
Add Tag
No Tags, Be the first to tag this record!
|
| LEADER | 00689cam a2200229Ma 4500 | ||
|---|---|---|---|
| 001 | 012249727-9 | ||
| 005 | 20100427192716.0 | ||
| 008 | 100118s2009 cl 000 1 spa d | ||
| 020 | |a 9789568835002 | ||
| 020 | |a 9568835008 | ||
| 035 | 0 | |a ocn502046360 | |
| 040 | |a NjP |c PUL | ||
| 050 | 4 | |a PQ8098.12.A772 |b V53 2009 | |
| 100 | 1 | |a Barrientos Bradasic, Oscar, |d 1974- | |
| 245 | 1 | 3 | |a El viento es un pais que se fue / |c Óscar Barrientos Bradasic. |
| 260 | |a Santiago : |b Das Kapital Ediciones, |c 2009. | ||
| 300 | |a 117 p. ; |c 21 cm. | ||
| 490 | 1 | |a Colección de narrativas contemporáneas | |
| 500 | |a Novel. | ||
| 830 | 0 | |a Colección de narrativas contemporáneas. | |
| 988 | |a 20100322 | ||
| 906 | |0 OCLC | ||


